Statistics for Country Tripoints with Common Official Language

Click here to take the quiz!

General Stats

  • This quiz has been taken 654 times
  • The average score is 95 of 118

Answer Stats

ANSWER% Correct
French
94%
English
93%
German
93%
Spanish
92%
Arabic
88%
Switzerland
88%
Austria
87%
France
87%
Germany
86%
Belgium
85%
Egypt
85%
Argentina
84%
Chad
84%
Luxembourg
84%
Saudi Arabia
84%
Algeria
83%
Chile
83%
Colombia
83%
Democratic Republic of the Congo
83%
Iraq
83%
Libya
83%
Liechtenstein
83%
Morocco
83%
Niger
83%
Oman
83%
Paraguay
83%
Peru
83%
Sudan
83%
Tunisia
83%
Yemen
83%
Bolivia
82%
Ecuador
82%
Jordan
82%
Lebanon
81%
Mali
81%
Republic of the Congo
81%
Syria
81%
United Arab Emirates
80%
Kuwait
79%
Mauritania
79%
Israel
77%
Kenya
77%
Senegal
77%
Tanzania
77%
Cameroon
76%
Central African Republic
75%
Honduras
74%
Rwanda
74%
South Sudan
74%
Togo
74%
Uganda
74%
Benin
73%
Burkina Faso
73%
Cote d'Ivoire
73%
El Salvador
73%
Gabon
73%
Guatemala
73%
Guinea
73%
Burundi
72%
Equatorial Guinea
67%
Zambia
67%
Malawi
65%
Swahili
58%

Score Distribution

Percentile by Number Answered

Percent of People with Each Score

Your Score History

You have not taken this quiz